LEADER 01056nam a2200253 u 4500 001 000000038641 003 CaOOAMICUS 005 20070226113911.0 008 980427s1939 it u000 u ita u 035 $a10792398 040 $aPUL(R)$bita 100 1 $aMartini, Giuseppe.$0(OLS)http://pul/name/22176 245 13$aLa convalidazione del matrimonio canonico /$cGiuseppe Martini. 260 $aTorino :$bTipografia Collegio degli Artigianelli,$c1939. 300 $a219 p. ;$c25 cm 504 $aBibliografia in nota. 650 4$aMatrimonio (diritto canonico).$0(OLS)http://pul/subject/475 850 $aPUL 852 $aPUL$W1$xDP2 Diritto Canonico 1$y64$m152 E 31$j52610$nBK-PRI$qStampati$B52610$CPULBib$Z2$F52610 $82 941 1 $a8 960 $aDiritto matrimoniale canonico$9475 961 $aDedica mss. sul front. dell'Autore al Professore Pio Ciprotti. 996 $6245$aLa convalidazione del matrimonio canonico$9(OLS)http://pul/title/52431 996 $6260$aTorino :$bTipografia Collegio degli Artigianelli$9(OLS)http://pul/publisher/63781 LEADER 01569nam a2200325 u 4500 001 000000061076 003 CaOOAMICUS 005 20070226121002.0 008 010830m1966 it u000 u ita u 035 $a10900699 040 $aPUL(R)$bita 041 1 $alat$afre 111 2 $aConcilium Vaticanum$n(2 :$d1962-1965).$0(OLS)http://pul/name/3960 240 10$aConstitutio dogmatica de Ecclesia.$lFrancese e latino.$0(OLS)http://pul/title/81576 245 12$aL'Eglise de Vatican II :$bLa Constitution dogmatique sur l'Eglise "Lumen Gentium" /$ctexte latin et traduction par P.-Th. Camelot ; avec collaboration de Y. Congar ... [et al.]. 250 $aNouv. éd. revue et corrigée. 260 $aParis :$bLes Éditions du Cerf,$c<1966>. 300 $av. <1- > ;$c22 cm 490 1 $aUnam Sanctam ;$v51 500 $aIl compl del tit. precede il tit. 700 1 $aCongar, Yves,$ccardinale,$d1904-1995.$0(OLS)http://pul/name/368 700 1 $aCamelot, Pierre Thomas,$cO.P.,$d1901-$0(OLS)http://pul/name/1430 830 0$aUnam Sanctam ;$v51.$0(OLS)http://pul/title/230 850 $aPUL 852 $aPUL$W1$xSL Religione 2$y84$mTheol A10 51a$j79650$nBK-PRI$b $qStampati altre collocazioni$B79650$CPULBib$Z2$F79650 $H $81 911 $aConcilio Vaticano II (1962-1965)$93960 941 1 $a10 961 $aINV: 28447 996 $6245$aL'Eglise de Vatican II :$bLa Constitution dogmatique sur l'Eglise "Lumen Gentium"$9(OLS)http://pul/title/81577 996 $6260$aParis :$bLes Éditions du Cerf$9(OLS)http://pul/publisher/47861